000 00641nam a2200241Ia 4500
003 OSt
005 20220918200400.0
006 a|||||r|||| 00| 0
007 ta
008 220917b |||||||| |||| 00| 0 eng d
024 _a88,554
037 _cTextual
040 _aARTS
_cARTS
_beng
041 _2eng
_aeng
082 _aT4, L63
100 _aNewman John Henry
_954011
245 0 _aScope and nature of university education
260 _c1956
490 _aEveryman's library 723 essays and belles lettres
650 _aHIGHER EDUCATION
942 _hT4, L63
_cTEXL
_2CC
999 _c212242
_d212242